| LEADER |
00955nam0a2200229 450 |
| 001 |
16861007 |
| 010 |
|
|
|a 978-2-211-32332-1
|b br.
|d 12,5
|
| 100 |
|
|
|a 20230726d2026 u u0frey01 ba
|
| 101 |
0 |
|
|a fre
|
| 102 |
|
|
|a FR
|
| 200 |
0 |
|
|a gâteau surprise de pop (Le)
|f Sanders, Bisinski
|
| 207 |
|
1 |
|a
|
| 210 |
|
|
|a Paris
|c Ecole des loisirs
|d DL 2023
|
| 215 |
|
|
|a 1 vol. (non paginé [ca11] p.)
|c ill. en coul.
|d 22 cm
|
| 225 |
1 |
|
|a Loulou & cie
|
| 300 |
|
|
|a Petite enfance
|
| 330 |
|
|
|a Pop prépare un gâteau et a besoin de farine, d'oeufs, de lait et de sel. Chacun de ses amis lui fournit les ingrédients nécessaires à la réalisation de crêpes avec lesquelles il confectionne une surprise. Electre 2023.
|
| 461 |
|
0 |
|t Les aventures de Pop
|
| 700 |
|
0 |
|a Bisinski
|b Pierrick
|c auteur jeunesse
|f 1961-....
|4 70
|
| 900 |
|
|
|a Album
|
| 901 |
|
|
|a Jeunesse
|
| 995 |
|
|
|a Médiathèque
|c Médiathèque
|f 00156010020204
|h 00156010020204
|k A SAN
|o p
|q j
|r az
|e Médiathèque
|